[Event "SRB-chT2 East"]
[Site "Serbia"]
[Date "2006.10.26"]
[Round "7.5"]
[White "Stevanovic, Sladjan"]
[Black "Petkovic, Dragoslav"]
[Result "0-1"]
[WhiteElo "2253"]
[BlackElo "2305"]
[PlyCount "112"]
[EventDate "2006.09.09"]
[EventType "team"]
[EventRounds "11"]
[EventCountry "SRB"]
[SourceTitle "EXT 2012"]
[Source "ChessBase"]
[SourceDate "2011.11.24"]
[SourceVersion "1"]
[SourceVersionDate "2011.11.24"]
[SourceQuality "1"]

1. d4 d6 2. e4 Nf6 3. Nc3 c6 4. Nf3 Bg4 5. Be2 e6 6. 0-0 Be7 7. Re1 0-0 8. Be3 d5 9. e5 Nfd7 10. Qd2 Bxf3 11. Bxf3 c5 12. Nb5 cxd4 13. Bxd4 Nc6 14. c4 Nxd4 15. Nxd4 Qb6 16. Nc2 Rac8 17. cxd5 Qxb2 18. dxe6 Nxe5 19. exf7+ Kh8 20. Be4 Ng4 21. Qd7 Nxf2 22. Qxe7 Nxe4 23. Qxe4 Rxc2 24. Rab1 Qxa2 25. Rxb7 Rf2 26. h3 R2xf7 27. Rxf7 Qxf7 28. Rb1 Qf2+ 29. Kh2 h5 30. Rb7 a6 31. Re7 Qf4+ 32. Qxf4 Rxf4 33. Re5 h4 34. g4 Rf6 35. Rh5+ Rh6 36. Ra5 Kg8 37. g5 Rb6 38. Kg2 Kf7 39. Kf3 Kg6 40. Kg4 Rb4+ 41. Kf3 Rb3+ 42. Kg4 Rb4+ 43. Kf3 Rb5 44. Rxa6+ Kxg5 45. Ra3 Kf5 46. Rc3 Kg5 47. Ra3 Rf5+ 48. Kg2 Kf4 49. Ra4+ Kg5 50. Ra3 Kh5 51. Rb3 Rg5+ 52. Kh2 Ra5 53. Rb2 Ra3 54. Rc2 g5 55. Rd2 Kg6 56. Rf2 Rg3 0-1

[Event "SRB-chT2 East"]
[Site "Serbia"]
[Date "2006.09.23"]
[Round "3.5"]
[White "Markovic, Milan"]
[Black "Stevanovic, Sladjan"]
[Result "1-0"]
[WhiteElo "2323"]
[BlackElo "2253"]
[PlyCount "97"]
[EventDate "2006.09.09"]
[EventType "team"]
[EventRounds "11"]
[EventCountry "SRB"]
[SourceTitle "EXT 2012"]
[Source "ChessBase"]
[SourceDate "2011.11.24"]
[SourceVersion "1"]
[SourceVersionDate "2011.11.24"]
[SourceQuality "1"]

1. e4 g6 2. d4 Bg7 3. Nc3 c6 4. Nf3 d5 5. Be2 Nf6 6. e5 Ne4 7. Be3 c5 8. dxc5 Nxc3 9. bxc3 Nc6 10. Bd4 0-0 11. 0-0 Qc7 12. Re1 Nxe5 13. Nxe5 Bxe5 14. Bxe5 Qxe5 15. Qd4 Qc7 16. Bf3 Be6 17. Rab1 b6 18. cxb6 axb6 19. Rxb6 Rxa2 20. Rbxe6 fxe6 21. Bxd5 exd5 22. Qxd5+ Rf7 23. Qxa2 Qf4 24. f3 Qc7 25. Qd5 Kf8 26. c4 Rf6 27. Qe5 Qxe5 28. Rxe5 Rd6 29. Rd5 Ra6 30. Kf2 Ra2 31. Rd2 Ra4 32. Ke3 Rxc4 33. Kd3 Rc7 34. c4 Kf7 35. Kc3 e5 36. Kb4 Ke6 37. c5 Rb7+ 38. Kc4 Rb1 39. c6 h5 40. Kc5 Rc1+ 41. Kb6 Rb1+ 42. Ka7 Ra1+ 43. Kb8 Rb1+ 44. Kc8 g5 45. c7 Ke7 46. Rd7+ Ke8 47. Rh7 g4 48. Rxh5 gxf3 49. Rxe5+ 1-0

[Event "Senta op-A 10th"]
[Site "Senta"]
[Date "2006.07.27"]
[Round "8"]
[White "Markovic, Dragan2222"]
[Black "Stevanovic, Sladjan"]
[Result "0-1"]
[WhiteElo "2060"]
[BlackElo "2253"]
[PlyCount "82"]
[EventDate "2006.07.21"]
[EventType "swiss"]
[EventRounds "9"]
[EventCountry "YUG"]
[SourceTitle "CBM 113 Extra"]
[Source "ChessBase"]
[SourceDate "2006.09.14"]
[SourceVersion "1"]
[SourceVersionDate "2006.09.14"]
[SourceQuality "1"]

1. Nf3 g6 2. d4 Bg7 3. Bf4 Nf6 4. Nbd2 0-0 5. h3 c5 6. e3 b6 7. Be2 Bb7 8. c3 d6 9. 0-0 Nc6 10. Re1 h6 11. Bc4 a6 12. a4 d5 13. Bd3 Nd7 14. Qe2 e5 15. dxe5 Ndxe5 16. Nxe5 Nxe5 17. Bxe5 Bxe5 18. Nf3 Bg7 19. Rad1 Qd7 20. Qc2 Qc7 21. e4 c4 22. Bf1 dxe4 23. Nd2 b5 24. Nxe4 Rad8 25. Be2 bxa4 26. Nd2 a3 27. bxa3 Bd5 28. Ra1 Qc6 29. Bf3 Bxf3 30. Nxf3 Qc5 31. Re3 Rfe8 32. Rxe8+ Rxe8 33. a4 Rd8 34. Ne1 Qe5 35. Rc1 Qf4 36. Nf3 Rd3 37. Qb2 Bxc3 38. Qb1 Bf6 39. Re1 Qd6 40. Qc1 c3 41. Qxh6 Rd1 0-1